000 00318nam a22001217a 4500
040 _cSY
082 _a571
100 _aKY VANNARITH; គី វណ្ណារិទ្ធ
245 _aThe physiology of fishes, សរីរៈវិទ្យាត្រី
260 _aRUA
_bKY
_c2001
300 _a40p.
942 _cKB
999 _c9691
_d9691